Report on the button industry in Bengal (Record no. 503567)

000 -LEADER
fixed length control field 00338cam a22000977a 4500
008 - FIXED-LENGTH DATA ELEMENTS--GENERAL INFORMATION
fixed length control field 180718b1941 xxu||||| |||| 00| 0 eng d
245 ## - TITLE STATEMENT
Title Report on the button industry in Bengal
Statement of responsibility, etc. by D.N. Ghose
260 ## - PUBLICATION, DISTRIBUTION, ETC.
Place of publication, distribution, etc. Alipore
Name of publisher, distributor, etc. Bengal Government Press
Date of publication, distribution, etc. 1941
300 ## - PHYSICAL DESCRIPTION
Extent 12p.
700 ## - ADDED ENTRY--PERSONAL NAME
Personal name Industrial Intelligence Section, Department of Industries, Bengal
Holdings
Withdrawn status Lost status Damaged status Not for loan Permanent Location Current Location Date acquired Barcode Date last seen Price effective from Koha item type
        Indian Institute of Public Administration Indian Institute of Public Administration 2018-08-04 GG31938 2018-08-04 2018-08-04 GG

Powered by Koha